[Event "ICS Rated blitz match"]
[Site "204.178.125.65"]
[Date "1999.10.04"]
[Round "?"]
[White "Mihajlov"]
[Black "Hossa"]
[Result "1-0"]
[WhiteElo "2125"]
[BlackElo "2357"]
[PlyCount "88"]
[EventDate "1999.??.??"]

1. e4 e5 2. Nc3 Nf6 3. Nf3 Nc6 4. Bb5 Bb4 5. O-O O-O 6. d3 d6 7. Bxc6 bxc6 8.
h3 Ba5 9. Ne2 Rb8 10. c3 Ba6 11. Qc2 c5 12. b3 c6 13. c4 Qe7 14. Bg5 Qe6 15.
Bd2 Bxd2 16. Qxd2 Nd7 17. Ng5 Qe8 18. Ng3 f6 19. Nf3 Qe6 20. Nf5 d5 21. Rfe1
Rb4 22. Nh2 Rfb8 23. Ng4 Bb7 24. Re3 Kh8 25. Rg3 Rg8 26. f3 Rb6 27. Rf1 Ra6 28.
h4 Rb6 29. h5 Ra6 30. h6 gxh6 31. Nfxh6 Rg7 32. Nf5 Rg6 33. Rh3 Ra3 34. Kf2 Rg5
35. Rfh1 Nf8 36. Rh6 Rg6 37. Rxg6 Rxa2 38. Qxa2 Nxg6 39. Qxa7 Qc8 40. Nxf6 Nh4
41. Rxh4 Qg8 42. Nxg8 dxe4 43. Qxb7 e3+ 44. Ke1 44... Kxg8 {Hossa resigns} 1-0

[Event "ICS Rated blitz match"]
[Site "204.178.125.65"]
[Date "1999.10.04"]
[Round "?"]
[White "Mihajlov"]
[Black "Hossa"]
[Result "0-1"]
[WhiteElo "2140"]
[BlackElo "2342"]
[PlyCount "114"]
[EventDate "1999.??.??"]

1. e4 e5 2. Nc3 Nf6 3. Bc4 Nc6 4. Nf3 Bc5 5. d3 O-O 6. O-O d6 7. h3 Na5 8. Bg5
Nxc4 9. dxc4 Be6 10. Nd5 c6 11. Nxf6+ gxf6 12. Bh6 Re8 13. Nh4 Kh8 14. Qf3 Bxc4
15. Rfd1 Be6 16. Nf5 Bxf5 17. Qxf5 Rg8 18. Rd3 Rg6 19. Qh5 Qb6 20. Rf3 Qxb2 21.
Rf1 Qxc2 22. Qh4 Rag8 23. g4 Qxe4 24. Rg3 Qa4 25. Qh5 Qxa2 26. Qf5 Rxh6 27. Kg2
Qe6 28. Qf3 Rhg6 29. Rb1 Rb8 30. Qe4 Qa2 31. Rf1 d5 32. Qf5 Rd8 33. h4 Qe2 34.
h5 Rh6 35. Rf3 Kg8 36. g5 Rxh5 37. Qxf6 Rf8 38. Rg3 Qe4+ 39. Qf3 Qxf3+ 40. Kxf3
Rh2 41. Rg2 e4+ 42. Kg3 Bd6+ 43. f4 Rxg2+ 44. Kxg2 b5 45. f5 c5 46. f6 d4 47.
Kf2 a5 48. Ke2 Rb8 49. Rf5 Rc8 50. Rd5 Bf4 51. Rf5 d3+ 52. Kd1 e3 53. Rxf4 e2+
54. Kd2 Re8 55. Rf2 e1=Q+ 56. Kxd3 Qxf2 57. Kc3 57... Re3# {Mihajlov checkmated
} 0-1

[Event "ICS Rated blitz match"]
[Site "204.178.125.65"]
[Date "1999.10.15"]
[Round "?"]
[White "Misha-Savinov"]
[Black "Hossa"]
[Result "0-1"]
[WhiteElo "2191"]
[BlackElo "2362"]
[PlyCount "92"]
[EventDate "1999.??.??"]

1. d4 d5 2. c4 e6 3. Nc3 Nf6 4. Bg5 Nbd7 5. e3 c6 6. Nf3 Qa5 7. Qd2 Bb4 8. Bxf6
Nxf6 9. cxd5 Ne4 10. Qc1 Nxc3 11. bxc3 Bxc3+ 12. Nd2 Bxa1 13. Qxa1 exd5 14. Bd3
O-O 15. Qb2 Qd8 16. O-O Re8 17. Qc2 h6 18. Re1 Bg4 19. f3 Bh5 20. g4 Qg5 21.
Kh1 Bg6 22. Bxg6 fxg6 23. Qd3 Qh4 24. Re2 Re6 25. e4 Rd8 26. e5 c5 27. dxc5 Qh3
28. Kg1 b6 29. cxb6 Rxb6 30. e6 Rc6 31. Re1 Qh4 32. Re5 Rc1+ 33. Nf1 d4 34.
Qxg6 Qh3 35. Qd3 Rdc8 36. e7 Re8 37. Rh5 Rxf1+ 38. Qxf1 Qxf1+ 39. Kxf1 Rxe7 40.
Re5 Rxe5 41. Kf2 d3 42. Kg3 Rd5 43. Kf4 d2 44. Ke4 d1=Q 45. Kf4 Qe1 46. a4
46... g5# {Misha-Savinov checkmated} 0-1

[Event "ICS Rated blitz match"]
[Site "204.178.125.65"]
[Date "1999.10.12"]
[Round "?"]
[White "MissSilicon"]
[Black "Hossa"]
[Result "1-0"]
[WhiteElo "2671"]
[BlackElo "2402"]
[PlyCount "49"]
[EventDate "1999.??.??"]

1. e4 e5 2. Nf3 Nc6 3. Bc4 Nf6 4. Ng5 d5 5. exd5 Nxd5 6. d4 exd4 7. O-O f6 8.
Re1+ Be7 9. Nf7 Kxf7 10. Qh5+ g6 11. Bxd5+ Ke8 12. Qf3 Qd6 13. Bf4 Ne5 14. Bxe5
fxe5 15. Bxb7 Bxb7 16. Qxb7 Kf7 17. Nd2 Bf6 18. Ne4 Qd8 19. Qc6 Bh4 20. c3 Rb8
21. Qc4+ Kg7 22. cxd4 exd4 23. Rad1 Rxb2 24. Rxd4 Qb8 25. Rd7+ {Hossa resigns}
1-0

[Event "ICS Rated blitz match"]
[Site "204.178.125.65"]
[Date "1999.09.15"]
[Round "?"]
[White "MissSilicon"]
[Black "Hossa"]
[Result "0-1"]
[WhiteElo "2629"]
[BlackElo "2341"]
[PlyCount "78"]
[EventDate "1999.??.??"]

1. Nf3 d5 2. c4 d4 3. g3 c5 4. Bg2 Nc6 5. d3 e5 6. O-O Bd6 7. Na3 Nge7 8. Nb5
Bb8 9. Bg5 f6 10. Bd2 a6 11. Na3 O-O 12. Qb3 Ba7 13. Nc2 Bb6 14. e3 Ba7 15. e4
f5 16. Bg5 fxe4 17. dxe4 h6 18. Bd2 Be6 19. a4 Qd7 20. Rfd1 Bh3 21. Bxh3 Qxh3
22. Nfe1 Rab8 23. Nd3 Ng6 24. Qa3 Qg4 25. Nxc5 Bxc5 26. Qxc5 Qf3 27. Be1 Kh8
28. Qb6 Qxe4 29. Nb4 Qf3 30. Rd3 Qf5 31. Rdd1 Nxb4 32. Qxb4 Qg4 33. c5 Nh4 34.
h3 Nf3+ 35. Kg2 Qe4 36. Kf1 Ng5 37. h4 Nh3 38. c6 bxc6 39. Qa3 39... Nxf2 {
MissSilicon resigns} 0-1

[Event "ICS Rated blitz match"]
[Site "204.178.125.65"]
[Date "1999.09.24"]
[Round "?"]
[White "MissSilicon"]
[Black "Hossa"]
[Result "1-0"]
[WhiteElo "2647"]
[BlackElo "2408"]
[PlyCount "60"]
[EventDate "1999.??.??"]

1. e4 c6 2. Nc3 d5 3. Qf3 d4 4. Bc4 Nf6 5. e5 dxc3 6. exf6 cxd2+ 7. Bxd2 exf6
8. O-O-O Nd7 9. Bf4 Bb4 10. Bxf7+ Kxf7 11. Qb3+ Ke8 12. Qxb4 Kf7 13. Qb3+ Kg6
14. Nf3 h6 15. Nh4+ Kh7 16. Qd3+ f5 17. Qxf5+ Kg8 18. Qe6+ Kh7 19. Qg6+ Kg8 20.
Rhe1 Qf6 21. Re8+ Nf8 22. Qxf6 gxf6 23. Rdd8 Kf7 24. Rxc8 Rxc8 25. Rxc8 a6 26.
Rc7+ Ke6 27. Rxb7 Kd5 28. Rb8 a5 29. Rd8+ Kc4 30. a4 30... Kb4 {Hossa resigns}
1-0

[Event "ICS Rated blitz match"]
[Site "204.178.125.65"]
[Date "1999.09.10"]
[Round "?"]
[White "MissSilicon"]
[Black "Hossa"]
[Result "1-0"]
[WhiteElo "2648"]
[BlackElo "2468"]
[Annotator "Hiarcs 7.32 (22s)"]
[PlyCount "145"]
[EventDate "1999.??.??"]

1. e4 1... e5 {Opening = C30 - 2.f4 ---} 2. f4 Nf6 3. fxe5 (3. d3 $16) 3...
Nxe4 4. Nf3 d5 5. d3 Nc5 6. d4 Ne6 (6... Ne4 7. Bd3 c5 8. O-O Nc6 9. Nc3 Nxc3
10. bxc3 Be7 11. dxc5 Bg4 12. Qe1 Qc7 13. Bf4 Be6 14. Kh1 Bxc5 15. Qg3 O-O-O
16. Qxg7 h6 17. Bh7 Rhe8 18. Qxh6 Bf8 19. Qh4 Be7 20. Qf2 Rh8 21. Bd3 {
Loebler,H-Casagrande,H/AUT-ch 1995/EXP 49/1/2-1/2 (58)}) 7. Bb5+ $146 {
Weiss erlangt Initiative} (7. Bd3 Be7 8. O-O O-O 9. Nc3 b6 10. Ne2 c5 11. c3
Nc6 12. Be3 f6 13. Qc2 g6 14. Bh6 Rf7 15. Nh4 g5 16. Bxh7+ Rxh7 17. Qg6+ Ng7
18. exf6 Bxf6 19. Rxf6 Rxh6 20. Qxh6 gxh4 21. Rxc6 Bd7 22. Rg6 Qe7 23. Rf1 Re8
24. Nf4 Rf8 25. Nh5 Rxf1+ 26. Kxf1 26... Bb5+ {
0-1 Fischgraebe,R-Neukum,D/Ladenburg HT 1992/GER 04 (26)}) 7... c6 8. Be2 c5 9.
dxc5 9... Bxc5 {Weiss kann nicht kurz rochieren} 10. Nc3 O-O 11. Qxd5 11... Qb6
$16 (11... Nc6 $5 $14) 12. Bd3 12... Bf2+ $18 (12... Nd7 $5 $16) 13. Kf1 13...
Rd8 $2 (13... Nc5 $5 $142 14. Bxh7+ $1 {
Rueckgabe des Materials ist das staerkste} 14... Kxh7 $18) 14. Qe4 Rxd3 (14...
Bd4 15. Qxh7+ Kf8 16. Qh8+ Ke7 17. Qh4+ Ke8 18. Nxd4 Qxd4 19. Qxd4 Rxd4 20. Nb5
$18) 15. Qxd3 Bc5 16. Ng5 (16. Nd5 $5 {und Weiss haette es noch leichter} 16...
Qc6 $18) 16... Nxg5 17. Na4 (17. Nd5 Qc6 18. Bxg5 18... Be6 $18) 17... Qc7 18.
Nxc5 Ne6 19. Nxe6 Bxe6 20. Qe4 Nd7 21. Bf4 Rc8 22. b3 $16 (22. Rc1 Bxa2 23. b3
Bxb3 24. cxb3 Qxc1+ 25. Bxc1 Rxc1+ 26. Ke2 26... Rxh1 $18) 22... Qc3 $18 (22...
Qxc2 23. Qxc2 Rxc2 24. h3 $16) 23. Rc1 Nc5 (23... Qb2 24. c4 Qxa2 25. Qb1 $16)
24. Qe2 f6 25. Rd1 Rf8 (25... f5 26. Qd2 Ne4 27. Qxc3 Rxc3 28. Rc1 $18) 26. Kg1
Nd7 27. exf6 Rxf6 28. a4 (28. Qd2 $142 {waere im Gewinnsinne praeziser} 28...
Qc5+ 29. Be3 $18) 28... Qb4 $2 (28... Bxb3 $142 29. cxb3 29... Rxf4 $18) 29.
Be5 (29. Bd2 {erleichterte Weiss die Gewinnfuehrung} 29... Qc5+ 30. Be3 30...
Qe5 $18) 29... Bg4 30. Qe1 Qxe1+ 31. Rxe1 Re6 32. Bc3 Rxe1+ 33. Bxe1 Bd1 34. h4
Bxc2 35. Rh3 Kf7 36. Bf2 b6 37. Bd4 Bd1 (37... g6 38. Rc3 Bd1 39. Kf2 $18) 38.
Kf2 (38. Rd3 {laesst dem Gegner kaum Chancen} 38... Bh5 $18) 38... Bg4 (38...
g6 39. Re3 $18) 39. Rc3 (39. Rg3 {gibt noch groesseren Vorteil} 39... h5 $18)
39... g5 (39... a5 {hilft auch nicht mehr} 40. Kg3 Be6 41. Rf3+ Kg8 42. Re3 $18
) 40. hxg5 a5 41. Ke3 Be6 42. Kf4 Bd5 43. Rh3 Kg8 44. g4 Be6 45. Re3 Kf7 46.
Rd3 Kf8 47. Be5 Kf7 48. Rh3 Nf8 (48... Kg8 {
kann das Vorangegangene nicht ungeschehen machen} 49. Bd4 $18) 49. Bd4 (49. Bc7
$5 {damit wuerde Weiss es sich noch erleichtern} 49... Bc8 50. Bxb6 Ne6+ 51.
Ke5 51... Nxg5 $18) 49... Ng6+ 50. Ke3 (50. Ke4 {ginge schneller} 50... Bd5+
51. Ke3 Bxb3 52. Rxh7+ Kf8 53. Bxb6 Bxa4 54. Bxa5 54... Bd1 $18) 50... Kg8 (
50... Nf8 {hilft allerdings auch nicht} 51. Bxb6 Bxb3 52. Bxa5 $18) 51. Kd2 Nf4
52. Re3 $1 {kraeftig gespielt} 52... Bf7 53. Rc3 Be6 (53... Bd5 {
macht keinen grossen Unterschied} 54. Bxb6 Ne6 55. Ke3 $18) 54. Bxb6 Nd5 55.
Rc6 Bd7 (55... Bxg4 {aendert nichts am Ausgang der Partie} 56. Bxa5 Bf3 57. b4
$18) 56. Rh6 (56. Rd6 {ist genauer} 56... Nxb6 57. Rxb6 57... Bxg4 $18) 56...
Nxb6 (56... Bxg4 {hilft allerdings auch nicht} 57. Bxa5 Bf5 58. Bc3 $18) 57.
Rxb6 Bxg4 58. Rb7 Be6 (58... Bf3 {aendert nichts mehr} 59. Ra7 $18) 59. Kc3 Bd5
(59... Bf5 {nuetzt auch nichts mehr} 60. Ra7 Bh3 61. Rxa5 $18) 60. Rb5 Bf3 (
60... Bh1 {holt die Kuh nicht vom Eis} 61. Rxa5 Kf7 62. b4 $18) 61. Rxa5 Kg7
62. Ra6 Be2 (62... Be4 {macht keinen grossen Unterschied} 63. a5 $18) 63. Ra7+
Kg6 64. b4 Kxg5 65. b5 Bf3 66. b6 (66. Rxh7 $142 {entschiede die Partie sofort}
66... Kg6 67. Ra7 67... Bd5 $18) 66... Kg4 67. b7 {
Die Partie wird im Koenigsangriff beendet} 67... h5 68. b8=Q {Es droht Matt}
68... Be4 69. Rg7+ Kf3 (69... Bg6 {
kann das Vorangegangene nicht ungeschehen machen} 70. Rxg6+ Kf5 71. Qg3 Ke4 72.
Re6+ Kf5 73. Re5+ Kf6 74. Qg5+ Kf7 75. Re7+ Kf8 76. Qg7#) 70. Rg3+ Kf2 71. Qf4+
Ke2 72. Qe3+ Kd1 (72... Kf1 {aendert den traurigen Lauf der Dinge nicht} 73.
Rg1#) 73. Qd2# 1-0

[Event "ICS Rated blitz match"]
[Site "204.178.125.65"]
[Date "1999.10.12"]
[Round "?"]
[White "MissSilicon"]
[Black "Hossa"]
[Result "1-0"]
[WhiteElo "2687"]
[BlackElo "2346"]
[PlyCount "33"]
[EventDate "1999.??.??"]

1. d4 Nf6 2. c4 e6 3. Nc3 Bb4 4. e3 O-O 5. Nge2 Ne4 6. Qc2 d5 7. a3 Qh4 8. axb4
Nxf2 9. g3 Qf6 10. Rg1 dxc4 11. Nf4 Ng4 12. h3 Nh6 13. Bxc4 Qd8 14. Bd3 f5 15.
Nb5 Nc6 16. Nxc7 Qxc7 17. b5 {Hossa resigns} 1-0

[Event "ICS Rated blitz match"]
[Site "204.178.125.65"]
[Date "1999.10.13"]
[Round "?"]
[White "MissSilicon"]
[Black "Hossa"]
[Result "1-0"]
[WhiteElo "2693"]
[BlackElo "2415"]
[PlyCount "75"]
[EventDate "1999.??.??"]

1. c4 c5 2. Nf3 Nc6 3. Nc3 Nf6 4. d4 cxd4 5. Nxd4 Nxd4 6. Qxd4 d6 7. e4 Bg4 8.
f3 Bh5 9. c5 a6 10. Qa4+ Nd7 11. c6 bxc6 12. Qxc6 Rc8 13. Qxa6 e6 14. Bg5 f6
15. Be3 Kf7 16. Bb5 Nc5 17. Bxc5 Rxc5 18. O-O d5 19. exd5 exd5 20. Rad1 Be7 21.
Rfe1 Kf8 22. Qb7 d4 23. Re4 Rg5 24. Kh1 Bc5 25. f4 Rf5 26. Bc4 Bd6 27. Rdxd4 g5
28. Nb5 Rxb5 29. Qxb5 Qa8 30. Rxd6 Qxe4 31. Rxf6+ Ke7 32. Qc5+ Ke8 33. Bb5+ Kd8
34. Qb6+ Kc8 35. Ba6+ Qb7 36. Qxb7+ Kd8 37. Re6 gxf4 38. Qc8# {Hossa checkmated
} 1-0

[Event "ICS Rated blitz match"]
[Site "204.178.125.65"]
[Date "1999.09.15"]
[Round "?"]
[White "MissSilicon"]
[Black "Hossa"]
[Result "1-0"]
[WhiteElo "2589"]
[BlackElo "2359"]
[PlyCount "93"]
[EventDate "1999.??.??"]

1. d4 d5 2. c4 dxc4 3. Nf3 Nf6 4. e3 Be6 5. Na3 c5 6. Bxc4 Bxc4 7. Nxc4 Nc6 8.
Qa4 e6 9. O-O Be7 10. dxc5 Bxc5 11. Qb5 Bb6 12. Nfe5 O-O 13. Nxc6 bxc6 14. Qxc6
Bc7 15. Bd2 Bxh2+ 16. Kxh2 Rc8 17. Qa6 Rxc4 18. Qxc4 Qxd2 19. Qb3 e5 20. f3 Qe2
21. Rac1 e4 22. Kg1 exf3 23. gxf3 Nh5 24. Rf2 Qa6 25. Rd2 Qf6 26. f4 Qh4 27.
Rh2 Qg4+ 28. Rg2 Ng3 29. Qd3 Qf3 30. Kh2 Nh5 31. Qf5 h6 32. Rc8 Nf6 33. Rxf8+
Kxf8 34. Qc8+ Ke7 35. Qc5+ Ke8 36. Qe5+ Kd7 37. Rd2+ Kc8 38. Qc5+ Kb7 39. Qe7+
Ka6 40. Rd6+ Kb5 41. a4+ Kxa4 42. Rd4+ Kb3 43. Qa3+ Kc2 44. Qd3+ Kc1 45. Rc4+
Kxb2 46. Qc2+ Ka3 47. Ra4# {Hossa checkmated} 1-0

[Event "ICS Rated blitz match"]
[Site "204.178.125.65"]
[Date "1999.09.15"]
[Round "?"]
[White "MissSilicon"]
[Black "Hossa"]
[Result "1-0"]
[WhiteElo "2618"]
[BlackElo "2352"]
[PlyCount "103"]
[EventDate "1999.??.??"]

1. Nf3 d5 2. c4 d4 3. g3 Nc6 4. Qa4 f6 5. Bg2 e5 6. O-O Nge7 7. e3 Be6 8. exd4
e4 9. d5 exf3 10. Bxf3 Nxd5 11. cxd5 Bxd5 12. Bg4 Be7 13. Nc3 Bf7 14. Qb5 Rb8
15. Bf3 O-O 16. Bxc6 bxc6 17. Qxc6 Re8 18. Re1 a5 19. d4 Qxd4 20. Qxc7 Bb4 21.
Bf4 Bh5 22. Red1 Qb6 23. Qc4+ Bf7 24. Nd5 Qb7 25. Bxb8 Rxb8 26. Rac1 Bf8 27.
Rc2 Re8 28. Qc6 Qxc6 29. Rxc6 Re2 30. Rc8 Be6 31. Rb8 Re5 32. Nf4 Kf7 33. Nxe6
Rxe6 34. Rd5 Bb4 35. a3 Rd6 36. Rb7+ Kg6 37. Rbb5 Rxd5 38. Rxd5 Be7 39. Rxa5 f5
40. b4 Kf6 41. b5 f4 42. b6 Bd6 43. b7 Ke7 44. Ra8 Kd7 45. b8=R Bxb8 46. Rxb8
Kc7 47. Rg8 g6 48. Rg7+ Kc6 49. gxf4 Kd5 50. Rxh7 Ke4 51. a4 Kxf4 52. a5 {
Hossa resigns} 1-0

[Event "ICS Rated blitz match"]
[Site "204.178.125.65"]
[Date "1999.09.16"]
[Round "?"]
[White "MissSilicon"]
[Black "Hossa"]
[Result "1-0"]
[WhiteElo "2694"]
[BlackElo "2424"]
[PlyCount "84"]
[EventDate "1999.??.??"]

1. Nf3 d5 2. c4 d4 3. g3 c5 4. Bg2 Nc6 5. d3 e5 6. O-O Bd6 7. Na3 Nge7 8. Nb5
Bb8 9. Ng5 a6 10. Qa4 O-O 11. Bd2 f6 12. Ne4 b6 13. Na3 Bb7 14. Qb3 Qc7 15. f4
Ba7 16. Nb5 axb5 17. cxb5+ Kh8 18. bxc6 Bxc6 19. fxe5 Bd5 20. Qc2 fxe5 21. Ng5
b5 22. Rxf8+ Rxf8 23. Bxd5 Nxd5 24. Ne6 Qd6 25. Nxf8 Qxf8 26. Qb3 Nc3 27. Rf1
Nxe2+ 28. Kg2 Qa8+ 29. Kf2 c4 30. Qxb5 cxd3 31. Qxe5 Qc6 32. Ke1 Kg8 33. Qe7 h6
34. Bxh6 Qxh6 35. Rf8+ Kh7 36. Qe4+ Qg6 37. Rh8+ Kxh8 38. Qxg6 Nc1 39. Qh5+ Kg8
40. Qa5 Bb8 41. Kd2 Ne2 42. Qd5+ 42... Kh7 {Hossa resigns} 1-0

[Event "ICS Rated blitz match"]
[Site "204.178.125.65"]
[Date "1999.09.16"]
[Round "?"]
[White "MissSilicon"]
[Black "Hossa"]
[Result "1-0"]
[WhiteElo "2705"]
[BlackElo "2413"]
[PlyCount "118"]
[EventDate "1999.??.??"]

1. d4 d5 2. c4 dxc4 3. Nf3 Nf6 4. e3 Be6 5. Na3 c5 6. Bxc4 Bxc4 7. Nxc4 Nc6 8.
Qa4 cxd4 9. Nxd4 Qd5 10. O-O Rd8 11. Nb5 Rc8 12. e4 Nxe4 13. Nxa7 Rd8 14. Nb5
Qf5 15. Be3 Nc5 16. Rad1 Rxd1 17. Rxd1 f6 18. Nc7+ Kf7 19. Bxc5 Qxc5 20. Qb3
Kg6 21. Ne6 Qf5 22. Nb6 Na5 23. Qd5 Qxd5 24. Rxd5 Nc6 25. Nd7 Kf7 26. Nexf8
Rxf8 27. Nxf8 Kxf8 28. Rb5 Nd8 29. f4 e6 30. Kf2 Ke7 31. Rh5 h6 32. Rb5 g5 33.
Kg3 f5 34. Kf3 gxf4 35. Kxf4 Kf6 36. Rb6 Ke7 37. g4 fxg4 38. Kxg4 Kf6 39. h4
Ke5 40. Kh5 Kd5 41. Kxh6 e5 42. Kg6 Kc5 43. Rb3 Nc6 44. h5 Ne7+ 45. Kg5 Ng8 46.
Rc3+ Kd6 47. Rc8 Ne7 48. Rd8+ Kc7 49. Rf8 e4 50. h6 e3 51. Rf1 e2 52. Rc1+ Nc6
53. h7 Kd6 54. h8=Q Kd7 55. Qh7+ Kc8 56. Re1 Kb8 57. b4 Nxb4 58. Rxe2 Nc6 59.
Qd7 59... Ka7 {Hossa resigns} 1-0

[Event "ICS Rated blitz match"]
[Site "204.178.125.65"]
[Date "1999.09.15"]
[Round "?"]
[White "MissSilicon"]
[Black "Hossa"]
[Result "1-0"]
[WhiteElo "2577"]
[BlackElo "2393"]
[PlyCount "54"]
[EventDate "1999.??.??"]

1. d4 Nf6 2. c4 e6 3. Nc3 Bb4 4. a3 Bxc3+ 5. bxc3 Ne4 6. Qc2 d5 7. e3 O-O 8.
Nf3 Nd7 9. Bd3 f5 10. cxd5 exd5 11. c4 c6 12. O-O Re8 13. a4 Ndf6 14. Ba3 f4
15. exf4 Bf5 16. Ne5 dxc4 17. Bxc4+ Nd5 18. Bd3 Ndf6 19. g4 Nxg4 20. Bc4+ Be6
21. Bxe6+ Rxe6 22. Nxg4 Qxd4 23. Rfd1 Qc3 24. Qa2 Rae8 25. f5 h5 26. fxe6 hxg4
27. e7+ 27... Kh7 {Hossa resigns} 1-0

[Event "ICS Rated blitz match"]
[Site "204.178.125.65"]
[Date "1999.09.17"]
[Round "?"]
[White "Moron"]
[Black "Hossa"]
[Result "1-0"]
[WhiteElo "2660"]
[BlackElo "2447"]
[PlyCount "146"]
[EventDate "1999.??.??"]

1. Nf3 d5 2. g3 e6 3. Bg2 Nf6 4. O-O Bd6 5. d3 O-O 6. Nbd2 Nc6 7. Nb3 b6 8. c4
Bb7 9. cxd5 exd5 10. Bd2 Qe7 11. Rc1 Rae8 12. Qc2 Ne5 13. Nxe5 Qxe5 14. e3 c5
15. d4 cxd4 16. Nxd4 Ne4 17. Bc3 Rc8 18. Qa4 a6 19. Bb4 Nc5 20. Qc2 a5 21. Bc3
Ne4 22. Qd3 Nxc3 23. Rxc3 Rxc3 24. Qxc3 Rc8 25. Qd3 Bb4 26. Rd1 g6 27. a3 Bc5
28. Rc1 Re8 29. Qb5 Re7 30. Rd1 Qd6 31. Nb3 Bc6 32. Qd3 Rd7 33. Rc1 a4 34. Nd4
Qc7 35. Nxc6 Qxc6 36. Rd1 Qf6 37. Qb5 Rc7 38. Bxd5 Bf8 39. Rd2 Rc1+ 40. Kg2 Rb1
41. Be4 Re1 42. Qxa4 Qe5 43. Qc6 Ra1 44. Qa8 Qc5 45. Rd8 Rc1 46. Bd5 Qe7 47.
Qb8 b5 48. Re8 Qc5 49. Qb7 Qc7 50. Rb8 Qxb7 51. Rxb7 Rb1 52. b4 Ra1 53. Rxf7
Bg7 54. Rb7+ Kf8 55. Rb8+ Ke7 56. Rxb5 Bb2 57. Rb7+ Kd6 58. Be4 Bxa3 59. b5 Ke5
60. Kf3 g5 61. Bxh7 Bf8 62. Rf7 Bh6 63. Kg4 Ke6 64. Bg8 Ke5 65. Rf5+ Ke4 66.
Bh7 Kd3 67. Rf6+ Ke2 68. Rxh6 Kxf2 69. b6 Ra5 70. e4 Rb5 71. Bg8 Re5 72. Bd5
Re8 73. b7 73... Kg2 {Hossa resigns} 1-0

[Event "ICS Rated blitz match"]
[Site "204.178.125.65"]
[Date "1999.09.17"]
[Round "?"]
[White "Moron"]
[Black "Hossa"]
[Result "1-0"]
[WhiteElo "2737"]
[BlackElo "2431"]
[PlyCount "137"]
[EventDate "1999.??.??"]

1. d4 Nf6 2. c4 e5 3. dxe5 Ng4 4. Nf3 Bc5 5. e3 Nc6 6. Be2 O-O 7. O-O Ngxe5 8.
Nxe5 Nxe5 9. Nc3 d6 10. b3 Re8 11. Bb2 a6 12. Na4 Ba7 13. Rc1 c6 14. Ba3 b5 15.
Bxd6 Qg5 16. Nc3 Bh3 17. Bf3 Rad8 18. Kh1 Qg6 19. Bxe5 Rxd1 20. Rfxd1 Bc5 21.
Bd4 Bxd4 22. Rxd4 Bc8 23. c5 Kf8 24. b4 Bf5 25. Rd6 Re6 26. Rd8+ Re8 27. Rd4
Qf6 28. Ne2 Bg6 29. Rcd1 Rc8 30. Nf4 Bc2 31. R1d2 Bb1 32. a3 g5 33. Nh5 Qe6 34.
Rd8+ Rxd8 35. Rxd8+ Ke7 36. Re8+ Kxe8 37. Ng7+ Kd7 38. Nxe6 fxe6 39. g3 Bg6 40.
Kg2 h5 41. Bd1 Ke7 42. h4 Kf6 43. hxg5+ Kxg5 44. f4+ Kf6 45. Bf3 Be8 46. Kh3
Kg6 47. Kh4 Kh6 48. Be4 Bd7 49. Bg2 Kg6 50. Bf3 Kf6 51. Kxh5 Kg7 52. g4 Be8+
53. Kg5 Bd7 54. e4 Bc8 55. e5 Bd7 56. f5 Kg8 57. Kf6 exf5 58. gxf5 Kf8 59. e6
Be8 60. Be4 Bh5 61. e7+ Kg8 62. Bxc6 Kh7 63. Kg5 Bf7 64. Be4 Be8 65. f6+ Kh8
66. Bg6 a5 67. Bxe8 axb4 68. Bg6 bxa3 69. e8=Q# {Hossa checkmated} 1-0

[Event "ICS Rated blitz match"]
[Site "204.178.125.65"]
[Date "1999.10.18"]
[Round "?"]
[White "MrZ"]
[Black "Hossa"]
[Result "1-0"]
[WhiteElo "2448"]
[BlackElo "2493"]
[PlyCount "62"]
[EventDate "1999.??.??"]

1. d4 Nf6 2. c3 d5 3. Bg5 Ne4 4. Bf4 g5 5. Bc1 Bh6 6. Nd2 Bf5 7. Qb3 b6 8. Nxe4
Bxe4 9. f3 Bf5 10. e4 dxe4 11. Qb5+ Bd7 12. Qe5 f6 13. Qxe4 Nc6 14. Bb5 f5 15.
Qe2 Rg8 16. h4 f4 17. hxg5 Bxg5 18. Qc4 Kf8 19. Bxc6 Bxc6 20. Qxc6 Rg7 21. Nh3
Bh4+ 22. Kf1 Rg6 23. Qe4 e5 24. Qxe5 Bf6 25. Qf5 Kg7 26. Nxf4 Qg8 27. Nh5+ Kh8
28. Nxf6 Rf8 29. Nxg8 Rxf5 30. Ne7 Rff6 31. Nxg6+ 31... Rxg6 {Hossa resigns}
1-0

[Event "ICS Rated blitz match"]
[Site "204.178.125.65"]
[Date "1999.09.22"]
[Round "?"]
[White "NicoSalom"]
[Black "Hossa"]
[Result "0-1"]
[WhiteElo "1823"]
[BlackElo "2012"]
[PlyCount "38"]
[EventDate "1999.??.??"]

1. e4 e6 2. d4 d5 3. Nc3 Nf6 4. Bg5 Bb4 5. e5 h6 6. exf6 hxg5 7. fxg7 Rg8 8.
Bb5+ Bd7 9. Bxd7+ Kxd7 10. Nge2 Kc8 11. Qd3 Rxg7 12. h4 gxh4 13. Rxh4 Qxh4 14.
O-O-O Bxc3 15. Nxc3 Rxg2 16. Nb5 Qxf2 17. Qc3 Nc6 18. b3 a6 19. Na3 19... Rg1 {
NicoSalom resigns} 0-1

[Event "ICS Rated blitz match"]
[Site "204.178.125.65"]
[Date "1999.09.09"]
[Round "?"]
[White "Nicy"]
[Black "Hossa"]
[Result "1/2-1/2"]
[WhiteElo "2110"]
[BlackElo "2470"]
[PlyCount "96"]
[EventDate "1999.??.??"]

1. d4 d5 2. Bg5 Nd7 3. Nf3 f6 4. Bh4 e6 5. e3 Bd6 6. Bd3 Ne7 7. O-O e5 8. dxe5
Nxe5 9. Be2 Nxf3+ 10. Bxf3 Be5 11. c3 Nf5 12. Bg3 Nxg3 13. hxg3 Be6 14. Nd2 O-O
15. Nb3 c6 16. Nd4 Qe7 17. Nxe6 Qxe6 18. Qd3 f5 19. Rfe1 Rad8 20. Rad1 Qf6 21.
Qc2 b5 22. a4 a6 23. axb5 axb5 24. Ra1 Qg5 25. Ra6 Rf6 26. Rea1 Re8 27. Ra8 Bb8
28. R1a6 Qg6 29. Rb6 Be5 30. Rxe8+ Qxe8 31. Ra6 Qe7 32. Qb3 Qd7 33. Qa2 Qe8 34.
Ra8 Bb8 35. Qa6 Rd6 36. Qb6 Rd8 37. Qb7 Kh8 38. Ra6 Rc8 39. Ra8 Kg8 40. Be2 g6
41. b3 Qd8 42. c4 bxc4 43. bxc4 h6 44. c5 Qe8 45. Ba6 Rd8 46. Bd3 Rc8 47. Ba6
Rd8 48. Bd3 48... Rc8 {Game drawn by mutual agreement} 1/2-1/2

[Event "ICS Rated blitz match"]
[Site "204.178.125.65"]
[Date "1999.09.23"]
[Round "?"]
[White "Nicy"]
[Black "Hossa"]
[Result "0-1"]
[WhiteElo "2189"]
[BlackElo "2378"]
[PlyCount "74"]
[EventDate "1999.??.??"]

1. d4 Nf6 2. Bg5 Ne4 3. Bf4 e6 4. Nd2 Nxd2 5. Qxd2 d5 6. e3 Be7 7. Bd3 c5 8. c3
Nc6 9. Nf3 cxd4 10. exd4 O-O 11. O-O Kh8 12. Rae1 Bd7 13. Ne5 Nxe5 14. Bxe5 f6
15. Bg3 Qe8 16. f4 Bd6 17. Be2 Qf7 18. Bg4 Rfe8 19. Rf2 Rac8 20. Rfe2 a6 21. a3
Rc6 22. Qd3 Rcc8 23. Qf3 Bc7 24. Qd3 f5 25. Bf3 Bb5 26. Qd2 Bxe2 27. Rxe2 Bd6
28. Qe1 Kg8 29. Re3 g6 30. Bd1 Bf8 31. Ba4 b5 32. Bb3 Bg7 33. Bf2 a5 34. Qd1 a4
35. Ba2 Rc7 36. Qe2 Qd7 37. Bb1 37... Bxd4 {Nicy resigns} 0-1

[Event "ICS Rated blitz match"]
[Site "204.178.125.65"]
[Date "1999.10.18"]
[Round "?"]
[White "NonWimp"]
[Black "Hossa"]
[Result "1-0"]
[WhiteElo "2779"]
[BlackElo "2500"]
[PlyCount "70"]
[EventDate "1999.??.??"]

1. e4 c5 2. Nf3 e6 3. d4 cxd4 4. Nxd4 Nf6 5. Nc3 d6 6. g4 e5 7. Bb5+ Bd7 8.
Bxd7+ Qxd7 9. Nf5 g6 10. Bg5 Nxg4 11. Qxg4 gxf5 12. exf5 h5 13. Qe4 Bg7 14. Nd5
Qc6 15. Rg1 Nd7 16. f4 Rc8 17. fxe5 dxe5 18. f6 Bf8 19. O-O-O Qc4 20. Qf5 Bc5
21. Rge1 Bd4 22. Be3 Bxe3+ 23. Rxe3 Qg4 24. Rxe5+ Kf8 25. Qe4 Nxe5 26. Qxe5 Qg2
27. Ne3 Qg6 28. Qc5+ Kg8 29. Qxc8+ Kh7 30. Qxb7 a5 31. Qb5 Ra8 32. Kb1 a4 33.
Rd5 Qg1+ 34. Nf1 Qg4 35. h3 35... Qf4 {Hossa resigns} 1-0